Greenlight - 5 Seconds of Summer (All Lyrics) - Statistics

General Stats
  • This quiz has been taken 98 times
  • The average score is 239 of 255
Answer Stats
Greenlight % Correct
a
100%
All
100%
all
100%
give
100%
Give
100%
green
100%
Pre-Chorus I
100%
Verse 1 It
100%
light
100%
me
100%
night
100%
P
100%
tell
100%
Tell
100%
the
100%
We
100%
we
100%
word
100%
you
100%
You
100%
do
98%
It's
98%
it's
98%
no
98%
now
98%
this
98%
got
95%
is
95%
on
95%
over
95%
say
95%
taking
95%
want
95%
come
93%
gotta
93%
more
93%
right
93%
what
93%
alright
91%
and
91%
can
91%
have
91%
just
91%
wanna
91%
your
91%
don't
89%
Fox
89%
game
89%
Katy
89%
Megan
89%
of
89%
play
89%
to
89%
could
86%
picture
86%
words
86%
like
84%
started
84%
such
84%
those
84%
with
84%
You're
84%
If
82%
mixture
82%
need
82%
perfect
82%
sent
82%
messages
80%
so
80%
Bridge | Pre-Chorus So
80%
where
80%
every
77%
let
77%
sick
77%
you've
77%
hanging
75%
obsession
75%
story
75%
twisted
75%
best
73%
free
73%
I'm
73%
I've
73%
How
68%
worst
68%
set
66%
intentions
64%
call
57%
No matching quizzes found
Score Distribution
Percent of People with Each Score
Percentile by Number Answered
Your Score History
You have not taken this quiz